[Event "39th Olympiad Women"]
[Site "Khanty-Mansiysk RUS"]
[Date "2010.10.01"]
[Round "10"]
[White "Ziaziulkina, Nastassia"]
[Black "Cosma, Elena-Luminita"]
[Result "1/2-1/2"]
[WhiteTitle "WIM"]
[BlackTitle "WGM"]
[WhiteElo "2284"]
[BlackElo "2360"]
[Board "12.2"]
[WhiteTeam "BLR"]
[BlackTeam "ROU"]
[WhiteFideId "13505211"]
[BlackFideId "1201590"]
[EventDate "2010.09.21"]
[EventType "team"]

1. e4 e6 2. d4 d5 3. e5 c5 4. c3 Nc6 5. Nf3 Bd7 6. Be2 Nge7 7. Na3 Nf5 8. O-O
cxd4 9. cxd4 Bxa3 10. bxa3 Qb6 11. Be3 Nxe3 12. fxe3 Qd8 13. Qb3 O-O 14. Qxb7
Rb8 15. Qa6 Rb2 16. Rf2 h6 17. Bd1 Qb8 18. Bb3 Rxf2 19. Kxf2 Rc8 20. Rc1 Nxd4
21. Rxc8+ Bxc8 22. Qa4 Nxb3 23. Qe8+ Kh7 24. Qxf7 Nc5 25. Ng5+ hxg5 26. Qh5+ 1/2-1/2

[Event "39th Olympiad Women"]
[Site "Khanty-Mansiysk RUS"]
[Date "2010.10.01"]
[Round "10"]
[White "Voicu-Jagodzinsky, Carmen"]
[Black "Homiakova, Elena"]
[Result "1-0"]
[WhiteTitle "WGM"]
[BlackTitle "WFM"]
[WhiteElo "2313"]
[BlackElo "2156"]
[Board "12.3"]
[WhiteTeam "ROU"]
[BlackTeam "BLR"]
[WhiteFideId "1206729"]
[BlackFideId "13507761"]
[EventDate "2010.09.21"]
[EventType "team"]

1. e4 c5 2. Nf3 Nc6 3. d4 cxd4 4. Nxd4 g6 5. c4 Nf6 6. Nc3 d6 7. Nc2 Bg7 8. Be2
O-O 9. O-O Be6 10. Bd2 a5 11. Rc1 Nd7 12. Kh1 Nc5 13. f3 Nb4 14. Ne3 Qb6 15. Rb1
Rfc8 16. a3 Nc6 17. Ned5 Qd8 18. Be3 Nd7 19. f4 Bxd5 20. exd5 Ncb8 21. Ne4 a4
22. Qe1 Nf6 23. Nxf6+ Bxf6 24. Qb4 Nd7 25. Bg4 Qc7 26. Rbc1 Rd8 27. Qd2 Nc5 28.
Rc2 Rdb8 29. Be2 Nb3 30. Qd3 Nc5 31. Qd1 Qb6 32. f5 Qb3 33. Rf3 Qb6 34. Bf1 Qc7
35. g4 Nd7 36. g5 Bg7 37. Rcf2 Ne5 38. Rf4 Rc8 39. Bd4 Re8 40. Bh3 Kh8 41. fxg6
fxg6 42. Qf1 e6 43. Bxe6 Qe7 44. h4 Qd8 45. Rf7 Re7 46. Rxe7 Qxe7 47. Bxe5 Bxe5
48. Rf7 Qd8 49. Qf2 Bg7 50. Rxg7 Kxg7 51. Qd4+ 1-0

[Event "39th Olympiad Women"]
[Site "Khanty-Mansiysk RUS"]
[Date "2010.10.01"]
[Round "10"]
[White "Stetsko, Lanita"]
[Black "L'Ami, Alina"]
[Result "0-1"]
[WhiteTitle "FM"]
[BlackTitle "WGM"]
[WhiteElo "2148"]
[BlackElo "2339"]
[Board "12.4"]
[WhiteTeam "BLR"]
[BlackTeam "ROU"]
[WhiteFideId "13505300"]
[BlackFideId "1210246"]
[EventDate "2010.09.21"]
[EventType "team"]

1. c4 Nf6 2. Nc3 g6 3. g3 Bg7 4. Bg2 O-O 5. Nf3 d6 6. O-O c6 7. d3 a6 8. Rb1 b5
9. b3 d5 10. cxd5 cxd5 11. Bb2 Ra7 12. e3 Bf5 13. Ne2 Nc6 14. Ned4 Nxd4 15. Bxd4
Ra8 16. Ne5 Qd6 17. Rc1 Rfc8 18. Qf3 Be6 19. Qe2 Ne8 20. Qb2 f6 21. Nf3 Bd7 22.
b4 e5 23. Bc5 Qe6 24. Qb3 Bc6 25. Nd2 Bb7 26. Rc2 f5 27. e4 Nf6 28. Rfc1 Bh6 29.
Re1 Re8 30. exd5 Bxd5 31. Bxd5 Qxd5 32. Qxd5+ Nxd5 33. Kg2 Rad8 34. Nb3 Nf6 35.
d4 e4 36. Na5 Nd5 37. Nc6 Rc8 38. Ne5 Nxb4 39. Rce2 Rxc5 40. dxc5 Rxe5 41. f3
Nd3 42. Rd1 Nxc5 43. fxe4 fxe4 44. h4 e3 45. g4 Ne6 46. Kf3 Bf4 47. Rd6 g5 48.
Rd7 Nc5 49. Ra7 Ne6 50. Rd7 Rc5 51. hxg5 Rc4 52. Rb2 Bxg5 0-1

[Event "39th Olympiad Women"]
[Site "Khanty-Mansiysk RUS"]
[Date "2010.10.01"]
[Round "10"]
[White "Lujan, Carolina"]
[Black "Dauletova, Gulmira"]
[Result "1-0"]
[WhiteTitle "IM"]
[BlackTitle "WIM"]
[WhiteElo "2312"]
[BlackElo "2235"]
[Board "13.1"]
[WhiteTeam "ARG"]
[BlackTeam "KAZ"]
[WhiteFideId "109878"]
[BlackFideId "13702971"]
[EventDate "2010.09.21"]
[EventType "team"]

1. e4 c5 2. Nf3 d6 3. c3 Nf6 4. h3 Bd7 5. Bd3 Nc6 6. Bc2 Rc8 7. O-O g6 8. Re1
Bg7 9. d4 O-O 10. dxc5 dxc5 11. e5 Ne8 12. Bg5 Nc7 13. Qc1 Ne6 14. Bh6 Re8 15.
Bxg7 Kxg7 16. Nbd2 Qc7 17. Nf1 b5 18. Re4 h6 19. Ne3 Rh8 20. Nd5 Qb8 21. Qe3
Rcd8 22. Re1 c4 23. Nf4 Nxf4 24. Rxf4 Be6 25. Nh4 g5 26. Qg3 Rd5 27. Rfe4 Rd2
28. R4e2 Rxe2 29. Rxe2 b4 30. f4 Kf8 31. fxg5 hxg5 32. Qxg5 b3 33. axb3 cxb3 34.
Bf5 Bc4 35. Re3 Qb6 36. Kh2 Rg8 37. Qh6+ Ke8 38. Rg3 Rf8 39. Bd7+ Kxd7 40. Qxf8
Nxe5 41. Nf5 Qc5 42. Rg8 Ng6 43. Qd8+ Ke6 44. Qc8+ Qxc8 45. Rxc8 Ne5 46. Ne3 Bd3
47. Rb8 Bc2 48. h4 a5 49. Rb6+ Kd7 50. Rb5 Nd3 51. Rxa5 Nxb2 52. Rd5+ Ke6 53.
Rd2 Na4 54. Nxc2 bxc2 55. Rxc2 Kf5 56. Kg3 e5 57. Kf3 e4+ 58. Ke3 Nc5 59. Rf2+
Kg6 60. g4 f6 61. Rf5 Na4 62. c4 Nb6 63. c5 Nd7 64. Kxe4 Kf7 65. c6 Nb6 66. g5 1-0

[Event "39th Olympiad Women"]
[Site "Khanty-Mansiysk RUS"]
[Date "2010.10.01"]
[Round "10"]
[White "Nakhbayeva, Guliskhan"]
[Black "Amura, Claudia"]
[Result "0-1"]
[WhiteTitle "WIM"]
[BlackTitle "WGM"]
[WhiteElo "2243"]
[BlackElo "2329"]
[Board "13.2"]
[WhiteTeam "KAZ"]
[BlackTeam "ARG"]
[WhiteFideId "13704788"]
[BlackFideId "100536"]
[EventDate "2010.09.21"]
[EventType "team"]

1. d4 Nf6 2. c4 e5 3. d5 Bb4+ 4. Bd2 Bxd2+ 5. Qxd2 d6 6. Nc3 Nbd7 7. Qc2 a5 8.
Nf3 Nc5 9. e4 O-O 10. g3 c6 11. dxc6 bxc6 12. h3 Nfxe4 13. Nxe4 Bf5 14. Nfd2 d5
15. Bg2 dxe4 16. O-O Qd4 17. Rad1 e3 18. Qxf5 e2 19. Qc2 Rad8 20. Bf3 exd1=Q 21.
Rxd1 Qd3 22. Qxd3 Rxd3 23. Bxc6 Rfd8 24. Bd5 Na4 25. Kf1 Nxb2 26. Ke2 R3xd5 27.
cxd5 Nxd1 28. Kxd1 Rxd5 29. Ke2 f5 30. Nc4 e4 31. h4 Kf7 32. f3 exf3+ 33. Kxf3
Rc5 34. Ne3 Ke6 35. Kf4 Re5 0-1

[Event "39th Olympiad Women"]
[Site "Khanty-Mansiysk RUS"]
[Date "2010.10.01"]
[Round "10"]
[White "Plazaola, Maria De Los Angeles"]
[Black "Davletbayeva, Madina"]
[Result "0-1"]
[WhiteTitle "WIM"]
[BlackTitle "WFM"]
[WhiteElo "2203"]
[BlackElo "2163"]
[Board "13.3"]
[WhiteTeam "ARG"]
[BlackTeam "KAZ"]
[WhiteFideId "113395"]
[BlackFideId "13703595"]
[EventDate "2010.09.21"]
[EventType "team"]

1. e4 e5 2. Nf3 Nc6 3. d4 exd4 4. Nxd4 Nf6 5. Nc3 Bb4 6. Nxc6 bxc6 7. Bd3 d5 8.
exd5 cxd5 9. O-O O-O 10. Bg5 c6 11. Qf3 Bd6 12. h3 Rb8 13. Nd1 h6 14. Bf4 Re8
15. b3 Rb4 16. Bd2 Rh4 17. Ne3 Ng4 18. Rfe1 Ne5 19. Qd1 Qf6 20. Nf1 Re7 21. Ng3
Bxh3 22. Nh5 Nf3+ 23. Qxf3 Qxf3 24. gxf3 Rxh5 25. Rxe7 Bxe7 26. Re1 Be6 27. Ba6
Bd6 28. b4 d4 29. Bd3 Kf8 30. f4 Rh4 31. Be4 Rg4+ 32. Kh2 Bxf4+ 33. Bxf4 Rxf4
34. Kg3 g5 35. Bxc6 Bxa2 36. Ra1 Be6 37. Rxa7 d3 38. cxd3 Rxb4 39. Ra5 Rb3 40.
Ra8+ Ke7 41. Rh8 Rxd3+ 42. f3 Rd6 43. Be4 Bd7 44. Bc2 Rf6 45. Bd1 Bc6 46. Be2
Kd6 47. Rd8+ Ke5 48. Rd3 h5 49. Re3+ Kd6 50. Rd3+ Ke7 51. Rc3 Bd7 52. Rc7 Kd6
53. Ra7 h4+ 54. Kg2 Bc6 55. Kh3 Rf4 56. Ra6 f5 57. Kg2 Ra4 58. Rb6 Kc5 59. Rb8
g4 60. Rc8 Kd6 61. Kf2 Bxf3 62. Bxf3 Rf4 63. Re8 Rxf3+ 64. Kg2 h3+ 65. Kh2 Rf2+
66. Kg1 g3 67. Rh8 h2+ 68. Kh1 Rf1+ 69. Kg2 Rg1+ 0-1

[Event "39th Olympiad Women"]
[Site "Khanty-Mansiysk RUS"]
[Date "2010.10.01"]
[Round "10"]
[White "Saduakassova, Dinara"]
[Black "Zuriel, Marisa"]
[Result "1/2-1/2"]
[WhiteTitle "WFM"]
[BlackTitle "WIM"]
[WhiteElo "2142"]
[BlackElo "2193"]
[Board "13.4"]
[WhiteTeam "KAZ"]
[BlackTeam "ARG"]
[WhiteFideId "13700090"]
[BlackFideId "109142"]
[EventDate "2010.09.21"]
[EventType "team"]

1. d4 Nf6 2. Nf3 c5 3. c4 cxd4 4. Nxd4 b6 5. Nc3 Bb7 6. f3 d6 7. e4 e6 8. Be2
Be7 9. Be3 O-O 10. O-O a6 11. Qd2 Nbd7 12. Rfd1 Rc8 13. Rac1 Qc7 14. Bf1 Qb8 15.
Nc2 Bd8 16. Bf4 Ne5 17. b3 Bc7 18. Be3 Rfd8 19. Qf2 Ned7 20. g3 Ne5 21. Ne1 Ba8
22. Nd3 Nfd7 23. Nxe5 Nxe5 24. Be2 Bc6 25. a4 Rf8 26. f4 Nd7 27. Bf3 Nc5 28. Qc2
Bb7 29. Bg2 Rcd8 30. Rd2 Nd7 31. Rcd1 Nf6 32. Bd4 e5 33. fxe5 dxe5 34. Bf2 Ng4
35. Rxd8 Rxd8 36. Nd5 Nxf2 37. Qxf2 Bxd5 38. cxd5 Bd6 39. Kh1 Bc5 40. Qe2 a5 41.
Qh5 1/2-1/2

[Event "39th Olympiad Women"]
[Site "Khanty-Mansiysk RUS"]
[Date "2010.10.01"]
[Round "10"]
[White "Pourkashiyan, Atousa"]
[Black "Repkova, Eva"]
[Result "1/2-1/2"]
[WhiteTitle "WGM"]
[BlackTitle "IM"]
[WhiteElo "2322"]
[BlackElo "2447"]
[Board "14.1"]
[WhiteTeam "IRI"]
[BlackTeam "SVK"]
[WhiteFideId "12502014"]
[BlackFideId "14900440"]
[EventDate "2010.09.21"]
[EventType "team"]

1. e4 d5 2. exd5 Qxd5 3. Nc3 Qa5 4. d4 c6 5. Bc4 Bf5 6. Nf3 Nf6 7. Bd2 e6 8. Nd5
Qd8 9. Nxf6+ gxf6 10. Bb3 Qc7 11. Nh4 Bg6 12. Qf3 Nd7 13. O-O-O O-O-O 14. g3 Bd6
15. Nxg6 hxg6 16. h4 c5 17. dxc5 Nxc5 18. Bc3 Be5 19. Rhe1 Kb8 20. Qe3 a5 21.
Bc4 Rxd1+ 22. Rxd1 Bxc3 23. Qxc3 Rc8 1/2-1/2

[Event "39th Olympiad Women"]
[Site "Khanty-Mansiysk RUS"]
[Date "2010.10.01"]
[Round "10"]
[White "Pokorna, Regina"]
[Black "Paridar, Shadi"]
[Result "0-1"]
[WhiteTitle "WGM"]
[BlackTitle "WGM"]
[WhiteElo "2370"]
[BlackElo "2242"]
[Board "14.2"]
[WhiteTeam "SVK"]
[BlackTeam "IRI"]
[WhiteFideId "14902052"]
[BlackFideId "12500666"]
[EventDate "2010.09.21"]
[EventType "team"]

1. e4 c5 2. Nf3 Nc6 3. d4 cxd4 4. Nxd4 Qc7 5. Nc3 e6 6. f4 a6 7. Nf3 b5 8. Bd3
Nf6 9. e5 b4 10. exf6 bxc3 11. bxc3 gxf6 12. O-O Bc5+ 13. Kh1 Bb7 14. Rb1 Ne7
15. Qe2 h5 16. Nh4 Qc6 17. Bd2 Rg8 18. h3 f5 19. Rb3 Ng6 20. Nxg6 fxg6 21. Rfb1
Ra7 22. Qf1 Kf7 23. Be2 Qc7 24. Bf3 d5 25. c4 Rd8 26. Ba5 Qxa5 27. Rxb7+ Rxb7
28. Rxb7+ Kf8 29. Qa1 d4 30. Qb1 Bd6 31. g3 Qc3 32. Qd1 h4 33. Kg2 hxg3 34. Qe2
Bxf4 35. Qxe6 Qxc2+ 36. Be2 Qe4+ 37. Qxe4 fxe4 38. c5 d3 39. Bd1 e3 40. Rb4 g5
41. Bg4 e2 42. Re4 Re8 0-1

[Event "39th Olympiad Women"]
[Site "Khanty-Mansiysk RUS"]
[Date "2010.10.01"]
[Round "10"]
[White "Hejazipour, Mitra"]
[Black "Kochetkova, Julia"]
[Result "0-1"]
[WhiteTitle "WFM"]
[BlackTitle "WGM"]
[WhiteElo "2239"]
[BlackElo "2327"]
[Board "14.3"]
[WhiteTeam "IRI"]
[BlackTeam "SVK"]
[WhiteFideId "12505951"]
[BlackFideId "4139690"]
[EventDate "2010.09.21"]
[EventType "team"]

1. d4 Nf6 2. Nf3 d5 3. c4 e6 4. Nc3 dxc4 5. e4 Bb4 6. Bg5 h6 7. Bxf6 Qxf6 8.
Bxc4 c5 9. O-O cxd4 10. Nxd4 O-O 11. a3 Ba5 12. Nde2 Nc6 13. f4 Bxc3 14. bxc3 b6
15. Kh1 Na5 16. e5 Qh4 17. Bd3 Bb7 18. Nd4 Rfd8 19. Qe2 Rac8 20. Rac1 Bd5 21.
Nb5 Nb3 22. Rcd1 a6 23. c4 axb5 24. cxd5 Rxd5 25. Qe4 g6 26. Qb4 Nc5 27. Bxb5
Qd8 28. Be2 Rxd1 29. Rxd1 Nd3 30. Bxd3 Qxd3 31. Qd6 Qe3 32. h3 Rc1 33. Rxc1
Qxc1+ 34. Kh2 Qxf4+ 35. Kh1 Kg7 36. Qxb6 Qc1+ 37. Kh2 Qxa3 38. Qd8 Qe3 39. Qf6+
Kg8 40. Qd8+ Kh7 41. Qf6 Qa7 42. h4 h5 43. Kh3 Qd7 44. Kh2 Kg8 45. Qg5 Qd1 46.
Kg3 Kh7 47. Qf4 Qd3+ 48. Kf2 Qf5 49. g3 Qxf4+ 50. gxf4 g5 51. hxg5 Kg6 52. Kg3
Kf5 53. Kf3 h4 0-1

[Event "39th Olympiad Women"]
[Site "Khanty-Mansiysk RUS"]
[Date "2010.10.01"]
[Round "10"]
[White "Mrvova, Alena"]
[Black "Hakimifard, Ghazal"]
[Result "1/2-1/2"]
[WhiteTitle "WIM"]
[BlackTitle "WFM"]
[WhiteElo "2253"]
[BlackElo "2173"]
[Board "14.4"]
[WhiteTeam "SVK"]
[BlackTeam "IRI"]
[WhiteFideId "14902036"]
[BlackFideId "12506540"]
[EventDate "2010.09.21"]
[EventType "team"]

1. e4 c5 2. Nf3 e6 3. d4 cxd4 4. Nxd4 a6 5. Bd3 Nf6 6. O-O Qc7 7. Qe2 d6 8. c4
g6 9. Nc3 Bg7 10. Nf3 O-O 11. Rd1 Nc6 12. Bf4 e5 13. Be3 Bg4 14. h3 Nd4 15. Bxd4
Bxf3 16. Qxf3 exd4 17. Ne2 Qc5 18. Rac1 Nd7 19. Qg3 Rfe8 20. Kh1 Rad8 21. b3 Qa5
22. Rc2 Nc5 23. Qf3 Ne6 24. Ng3 Rc8 25. Bf1 Qe5 26. Bd3 h5 27. Re1 Qf4 28. Ne2
Qxf3 29. gxf3 Be5 30. Rd1 Kf8 31. Nc1 Ke7 32. Bf1 g5 33. b4 Rg8 34. Nd3 g4 35.
Bg2 Rg7 36. c5 Kd7 37. f4 Nxf4 38. Nxf4 Bxf4 39. Rxd4 Ke8 40. Rd5 Be5 41. hxg4
hxg4 42. Kg1 f6 43. Bf1 dxc5 44. Rcxc5 Rxc5 45. bxc5 g3 46. f3 Rc7 47. Bh3 Rxc5
48. Rxc5 Bd4+ 49. Kg2 Bxc5 50. Kxg3 1/2-1/2

[Event "39th Olympiad Women"]
[Site "Khanty-Mansiysk RUS"]
[Date "2010.10.01"]
[Round "10"]
[White "Gansvind, Valeriya I."]
[Black "Paehtz, Elisabeth"]
[Result "1/2-1/2"]
[WhiteTitle "WFM"]
[BlackTitle "IM"]
[WhiteElo "2218"]
[BlackElo "2467"]
[Board "15.1"]
[WhiteTeam "EST"]
[BlackTeam "GER"]
[WhiteFideId "4109821"]
[BlackFideId "4641833"]
[EventDate "2010.09.21"]
[EventType "team"]

1. b3 d5 2. Bb2 Nf6 3. e3 Bf5 4. Nf3 e6 5. d4 Nbd7 6. Bd3 Bg6 7. Nbd2 Bxd3 8.
cxd3 Be7 9. O-O O-O 10. Ne5 a5 11. a3 Nxe5 12. dxe5 Nd7 13. d4 c5 14. e4 Nb6 15.
Qe2 cxd4 16. Bxd4 dxe4 17. Qxe4 Nd5 18. Nc4 Qd7 19. Rfb1 Rfd8 20. h3 Qb5 21. a4
Qa6 22. Rd1 b5 23. Ne3 bxa4 24. bxa4 Bb4 25. Rac1 Qb7 26. Ba1 Qd7 27. Nxd5 exd5
28. Qg4 Qxg4 29. hxg4 h6 30. Kf1 Rdc8 31. Ke2 Rc4 32. Rxc4 dxc4 33. Rc1 Rc8 34.
Bd4 Kf8 35. f4 Ke7 1/2-1/2

[Event "39th Olympiad Women"]
[Site "Khanty-Mansiysk RUS"]
[Date "2010.10.01"]
[Round "10"]
[White "Levushkina, Elena"]
[Black "Piarnpuu, Leili"]
[Result "1-0"]
[WhiteTitle "WGM"]
[BlackTitle "WIM"]
[WhiteElo "2346"]
[BlackElo "2111"]
[Board "15.2"]
[WhiteTeam "GER"]
[BlackTeam "EST"]
[WhiteFideId "14200686"]
[BlackFideId "4500180"]
[EventDate "2010.09.21"]
[EventType "team"]

1. e4 e5 2. Nf3 Nc6 3. d4 exd4 4. Nxd4 Bc5 5. Nxc6 Qf6 6. Qf3 bxc6 7. Nd2 d6 8.
Nb3 Bb6 9. c4 a5 10. a4 Be6 11. Ra3 Qxf3 12. gxf3 Ne7 13. Bd2 O-O 14. c5 dxc5
15. Bc3 c4 16. Nd4 Bc5 17. Ra1 Bxd4 18. Bxd4 Rfd8 19. Bc3 f6 20. f4 Bf7 21. f5
Re8 22. Bh3 Nd5 23. Bg2 Nxc3 24. bxc3 g6 25. O-O gxf5 26. exf5 Bd5 27. Rab1 Rab8
28. Rxb8 Rxb8 29. Rd1 Rd8 30. Rd4 Kf7 31. f3 Rb8 32. Bf1 Rb1 33. Kf2 Rb2+ 34.
Kg3 Ke7 35. Bxc4 Kd6 36. Bd3 Kc5 37. Rh4 Rd2 38. Be4 Bxe4 39. Rxe4 Rd3 40. Re6
Rd6 41. Re7 Kc4 42. Rxh7 Kxc3 43. Rxc7 Kb4 44. h4 c5 45. h5 c4 46. h6 c3 47. h7
Rd8 48. Kg4 Kb3 49. Kh5 c2 50. Kg6 Kb2 51. Kxf6 c1=Q 52. Rxc1 Kxc1 53. Kg7 1-0

[Event "39th Olympiad Women"]
[Site "Khanty-Mansiysk RUS"]
[Date "2010.10.01"]
[Round "10"]
[White "Vahtra, Tuuli"]
[Black "Ohme, Melanie"]
[Result "0-1"]
[WhiteTitle "WFM"]
[BlackTitle "WIM"]
[WhiteElo "1991"]
[BlackElo "2311"]
[Board "15.3"]
[WhiteTeam "EST"]
[BlackTeam "GER"]
[WhiteFideId "4502060"]
[BlackFideId "4690745"]
[EventDate "2010.09.21"]
[EventType "team"]

1. d4 g6 2. e4 Bg7 3. c3 d6 4. f4 Nf6 5. e5 dxe5 6. fxe5 Nd5 7. Bc4 O-O 8. Nf3
Bf5 9. O-O c6 10. Qe1 b5 11. Bb3 a5 12. a4 Na6 13. Qh4 Nac7 14. Bh6 f6 15. Bxg7
Kxg7 16. Nbd2 Ne3 17. Rf2 Ncd5 18. Qg3 Be6 19. Nh4 Ng4 20. Bxd5 Qxd5 21. Rf4 Nh6
22. Re1 Rae8 23. exf6+ exf6 24. Rfe4 Nf7 25. Qc7 bxa4 26. c4 Qd7 27. Qxa5 Ng5
28. Rf4 Bf7 29. Ref1 Re2 30. Qc3 Ne6 31. Rg4 h5 32. d5 hxg4 33. Qxf6+ Kh7 34.
dxe6 Qxe6 35. Nxg6 Qxf6 36. Rxf6 Kg7 37. Nxf8 Kxf6 38. Nd7+ Ke7 0-1

[Event "39th Olympiad Women"]
[Site "Khanty-Mansiysk RUS"]
[Date "2010.10.01"]
[Round "10"]
[White "Muzychuk, Anna"]
[Black "Muminova, Nafisa"]
[Result "1-0"]
[WhiteTitle "IM"]
[BlackTitle "WIM"]
[WhiteElo "2535"]
[BlackElo "2319"]
[Board "16.1"]
[WhiteTeam "SLO"]
[BlackTeam "UZB"]
[WhiteFideId "14111330"]
[BlackFideId "14201526"]
[EventDate "2010.09.21"]
[EventType "team"]

1. c4 Nf6 2. Nc3 e6 3. e4 d6 4. d4 Nbd7 5. Nf3 c5 6. Bd3 cxd4 7. Nxd4 Be7 8. O-O
a6 9. Be3 Qc7 10. Rc1 O-O 11. f4 b6 12. b4 Bb7 13. f5 e5 14. Nb3 Qd8 15. a3 a5
16. Nd5 Rc8 17. Qe2 axb4 18. axb4 Ba6 19. Nd2 Nxd5 20. cxd5 Bxd3 21. Qxd3 Bg5
22. Rc6 Ra8 23. Nc4 Ra4 24. Rxd6 b5 25. Nb6 Ra6 26. Bf2 Qb8 27. Rxd7 Rxb6 28.
Bxb6 Qxb6+ 29. Kh1 Rc8 30. d6 Qc6 31. Rc7 Rxc7 32. dxc7 Qxc7 33. Qxb5 h6 34. Qc5
Qb7 35. Qxe5 Qxb4 36. Qe8+ Kh7 37. Qxf7 Qxe4 38. f6 1-0

[Event "39th Olympiad Women"]
[Site "Khanty-Mansiysk RUS"]
[Date "2010.10.01"]
[Round "10"]
[White "Kaps, Darja"]
[Black "Nodirjanova, Nodira"]
[Result "0-1"]
[WhiteTitle "WGM"]
[WhiteElo "2300"]
[BlackElo "2136"]
[Board "16.3"]
[WhiteTeam "SLO"]
[BlackTeam "UZB"]
[WhiteFideId "14602334"]
[BlackFideId "14201232"]
[EventDate "2010.09.21"]
[EventType "team"]

1. c4 e5 2. Nc3 Nf6 3. g3 Bb4 4. Bg2 O-O 5. Qc2 Re8 6. a3 Bf8 7. e3 c6 8. Nge2
d5 9. d3 h6 10. O-O dxc4 11. dxc4 Be6 12. Na4 Qc8 13. Rd1 Bh3 14. Bh1 Bf5 15. e4
Be6 16. c5 Nfd7 17. Be3 b5 18. cxb6 axb6 19. b4 Qa6 20. Nec3 Rc8 21. Bg2 b5 22.
Bf1 Qb7 23. Nc5 Nxc5 24. bxc5 Nd7 25. Ne2 Ra4 26. f4 Nxc5 27. Nc3 Bb3 28. Qf2
Nxe4 29. Nxe4 Rxe4 30. Rdb1 exf4 31. gxf4 Bd5 32. Bd3 Ra4 33. Bc2 Rxa3 34. Rxa3
Bxa3 35. Bd4 Bf8 36. Qe2 Qd7 37. f5 f6 38. Qg4 Qf7 39. Be3 Kh8 40. Kf2 Ra8 41.
Rb2 Ra1 42. Bd3 Rh1 43. Kg3 Bd6+ 44. Kh3 Ra1 45. Re2 Ra3 46. Rd2 Qe7 47. Bf4
Bxf4 48. Qxf4 Bc4 49. Qb8+ Kh7 50. Qg3 Qd8 51. Qg6+ Kh8 52. Rg2 Rxd3+ 53. Kh4
Qd4+ 54. Rg4 Qf2+ 0-1

[Event "39th Olympiad Women"]
[Site "Khanty-Mansiysk RUS"]
[Date "2010.10.01"]
[Round "10"]
[White "Tokhirjanova, Hulkar"]
[Black "Rozic, Vesna"]
[Result "0-1"]
[BlackTitle "WIM"]
[WhiteElo "2147"]
[BlackElo "2289"]
[Board "16.4"]
[WhiteTeam "UZB"]
[BlackTeam "SLO"]
[WhiteFideId "14202247"]
[BlackFideId "14604000"]
[EventDate "2010.09.21"]
[EventType "team"]

1. e4 e6 2. d4 d5 3. Nd2 c5 4. exd5 exd5 5. Ngf3 Nc6 6. Bb5 Bd6 7. dxc5 Bxc5 8.
O-O Ne7 9. Nb3 Bd6 10. Nbd4 O-O 11. c3 h6 12. Be3 Bc7 13. Qd2 Qd6 14. g3 Ng6 15.
Rad1 a6 16. Be2 Qf6 17. Nxc6 bxc6 18. Bd4 Qf5 19. Bc5 Re8 20. Nd4 Qf6 21. f4 Bh3
22. Rf2 Nf8 23. Nf3 Ne6 24. Bd4 Nxd4 25. cxd4 Qd6 26. Bf1 Bf5 27. Qc3 Bb6 28.
Rfd2 Be4 29. Bg2 c5 30. Kh1 cxd4 31. Nxd4 Rac8 32. Qb3 Bxg2+ 33. Kxg2 Bxd4 34.
Rxd4 Re2+ 35. Kg1 Rcc2 36. Rxd5 Rg2+ 37. Kh1 Rxh2+ 38. Kg1 Rcg2+ 39. Kf1 Rf2+
40. Kg1 Rhg2+ 41. Kh1 Qg6 42. Qd3 Rh2+ 43. Kg1 Rfg2+ 44. Kf1 Rxb2 45. Rd8+ Kh7
46. Qxg6+ Kxg6 47. Kg1 Rbg2+ 48. Kf1 Rxa2 49. Kg1 Rhg2+ 50. Kh1 Rxg3 51. f5+ Kh7
52. Rf8 Rg5 53. Rxf7 Ra4 54. Rd2 Rh4+ 55. Rh2 Rf4 56. Ra2 a5 57. f6 Rxf6 58.
Rxf6 gxf6 59. Kh2 Kg6 60. Kh3 Kf7 61. Ra4 Ke6 62. Rh4 Rb5 63. Rxh6 a4 64. Kg2 a3
65. Rh1 a2 66. Ra1 Rb2+ 67. Kf3 Kd5 68. Ke3 Kc4 69. Rc1+ Kb3 70. Kd4 Rb1 0-1

[Event "39th Olympiad Women"]
[Site "Khanty-Mansiysk RUS"]
[Date "2010.10.01"]
[Round "10"]
[White "Brunello, Marina"]
[Black "Kaya, Emel"]
[Result "1-0"]
[WhiteTitle "WIM"]
[WhiteElo "2212"]
[BlackElo "2070"]
[Board "17.3"]
[WhiteTeam "ITA"]
[BlackTeam "TUR"]
[WhiteFideId "822590"]
[BlackFideId "6306411"]
[EventDate "2010.09.21"]
[EventType "team"]

1. e4 c5 2. Nf3 g6 3. c4 Bg7 4. d4 cxd4 5. Nxd4 Nc6 6. Be3 Nf6 7. Nc3 O-O 8. Be2
b6 9. O-O Bb7 10. f3 e6 11. Qd2 d5 12. Nxc6 Bxc6 13. cxd5 exd5 14. e5 Ne8 15. f4
f6 16. Bd4 Nc7 17. Bf3 fxe5 18. Bxe5 Bxe5 19. fxe5 Qe7 20. Nxd5 Qc5+ 21. Rf2
Rxf3 22. Nf6+ Rxf6 23. exf6 Ne6 24. Rc1 Qd5 25. f7+ Kf8 26. Qb4+ Nc5 27. Qc3 Qd8
28. Rcf1 Ne6 29. Qxc6 1-0

[Event "39th Olympiad Women"]
[Site "Khanty-Mansiysk RUS"]
[Date "2010.10.01"]
[Round "10"]
[White "Sop, Selen"]
[Black "De Rosa, Mariagrazia"]
[Result "1-0"]
[BlackTitle "WFM"]
[WhiteElo "2021"]
[BlackElo "2073"]
[Board "17.4"]
[WhiteTeam "TUR"]
[BlackTeam "ITA"]
[WhiteFideId "6300278"]
[BlackFideId "815136"]
[EventDate "2010.09.21"]
[EventType "team"]

1. e4 c5 2. Nf3 e6 3. d4 cxd4 4. Nxd4 Nf6 5. Bd3 Nc6 6. Nb3 d5 7. exd5 Nxd5 8.
O-O Bd6 9. Bd2 Qh4 10. g3 Qe7 11. Nc3 Nxc3 12. Bxc3 Be5 13. Bxe5 Nxe5 14. Bb5+
Nd7 15. Qd4 O-O 16. Rad1 Nf6 17. Rfe1 a6 18. Bf1 Bd7 19. Bg2 Rad8 20. Qb6 Bc8
21. Na5 Rd7 22. Rxd7 Nxd7 23. Qb3 b6 24. Nc6 Qd6 25. c3 Bb7 26. Rd1 Qc7 27. Qc4
Nc5 28. Nd4 Bxg2 29. Kxg2 Qb7+ 30. f3 Rc8 31. Qe2 b5 32. Re1 h6 33. Rd1 Re8 34.
Nf5 Qc6 35. Rd8 Kf8 36. Rxe8+ Qxe8 37. Nxg7 Qc6 38. Nh5 Qd5 39. Nf4 Qxa2 40. Qd2
Na4 41. Qd8+ Kg7 42. Nh5+ Kh7 43. Qf6 Qxb2+ 44. Kh3 Qxc3 45. Qxf7+ Kh8 46. Nf6 1-0

[Event "39th Olympiad Women"]
[Site "Khanty-Mansiysk RUS"]
[Date "2010.10.01"]
[Round "10"]
[White "Stojanovic, Marija R"]
[Black "Guichard, Pauline"]
[Result "0-1"]
[WhiteTitle "WFM"]
[BlackTitle "WIM"]
[WhiteElo "2112"]
[BlackElo "2293"]
[Board "18.3"]
[WhiteTeam "MNE"]
[BlackTeam "FRA"]
[WhiteFideId "931411"]
[BlackFideId "639370"]
[EventDate "2010.09.21"]
[EventType "team"]

1. Nf3 Nf6 2. g3 d5 3. Bg2 Bg4 4. O-O Nbd7 5. d4 e6 6. Nbd2 Be7 7. c4 O-O 8. b3
c6 9. Bb2 a5 10. a3 b5 11. Ne5 Nxe5 12. dxe5 Nd7 13. h3 Bh5 14. g4 Bg6 15. cxb5
cxb5 16. e4 Nc5 17. exd5 exd5 18. f4 Bd3 19. Rf3 Be4 20. Rf1 Rc8 21. Nxe4 dxe4
22. Qe2 Qd3 23. Qxd3 exd3 24. Rad1 Rfd8 25. Rf3 b4 26. axb4 axb4 27. Bf1 Ra8 28.
e6 fxe6 29. Rfxd3 Nxd3 30. Rxd3 Bc5+ 31. Kh1 Rxd3 32. Bxd3 Rd8 0-1